000 00625nam a2200241 a 4500
001 0001-1068
003 ELIB.Books
008 141216 2010 eng
020 _a0060653744
035 _a(ELIB.Books)0001-1223
092 _a226
_bMac
100 _aMack, Burton L.
245 _aThe Lost Gospel:
_bThe Book of Christian Origins
260 _aNew York
_bHarper SanFrancisco
_c1993
300 _a275
_c24.3 Cm
500 _aC/o Moe Lwai
650 _aNew Testament
856 _nKBTS; Library
_uKBTS; Elib.
942 _2ddc
_cBK
990 _a1
998 _cbat
_e2014-12-16
999 _c11068
_d11068